000
00493nam a2200181Ia 4500
008
100917s9999 xx 000 0 und d
082
_b
42599
100
_a
आठल्ये दिनेश
245
_a
स्वप्ना
260
_b
शलाका प्रकाशन
_c
1980
300
_a
164
365
_b
16
520
_a
कादंबरी
630
_a
स्वप्ना
650
_a
कादंबरी
730
_a
स्वप्ना
942
_c
BOOK
999
_c
647993
_d
647990